[Event "Forni di Sopra Dolomiti 2018"]
[Site "Forni di Sopra"]
[Date "2018.06.16"]
[Round "9.3"]
[White "Di Benedetto, Edoardo"]
[Black "Stella, Andrea"]
[Result "0-1"]
[WhiteElo "2288"]
[BlackElo "2500"]
[Annotator "TA"]
[PlyCount "154"]
[EventDate "2018.??.??"]
[EventType "swiss"]
[EventCountry "ITA"]
[SourceTitle "playchess.com"]
[Source "ChessBase"]
[SourceQuality "1"]

{[%evp 13,154,-23,-27,-32,-39,-54,-55,-64,-54,-53,-67,-96,-96,-133,-89,-122,-125,-112,-107,-175,-178,-171,-186,-173,-127,-127,-121,-146,-124,-118,-125,-124,-124,-119,0,-110,-110,-110,-110,-110,-110,-107,-103,-108,-86,-114,-114,-114,-114,-115,-118,-119,-118,-118,-118,-144,-139,-144,-144,-169,-162,-169,-181,-162,-156,-211,-200,-249,-235,-216,-127,-147,-144,-144,0,-147,0,-147,-147,-147,-147,-154,-146,-147,-147,-147,-128,-1085,-1093,-1100,-1092,-1092,-1085,-1068,-926,-794,-838,-808,-766,-804,-783,-672,-148,-1039,-840,-1428,-437,-1275,-1387,-1502,-886,-8222,-6812,-6464,-6103,-29961,-29958,-29980,-29969,-29968,-29971,-29970,-29972,-29973,-29973,-29974,-29975,-29979,-29973,-29974,-29975,-29975,-29975,-29975,-29976,-29975,-29976,-29978,-29979,-29979,-29980,-29980,-29981]} 1. e4 c5 2. Nf3 e6 3. c4 Nc6 4. Nc3 Nd4 5. d3 Ne7 6. Nxd4 {B40: Sizilianisch (Klassisches System mit e7-e6)} (6. Be2 Nxf3+ 7. Bxf3 Nc6 8. O-O Be7 9. g3 O-O 10. Bg2 a6 11. Be3 Rb8 12. a4 b6 13. f4 {½-½ (37) Richter,M (2505)-Saric,I (2666) Germany 2017}) 6... cxd4 7. Ne2 Nc6 {LiveBook: 18 Partien} 8. Bd2 {Schwarz hat minimalen Vorteil.} Rb8 9. a3 b5 10. cxb5 Rxb5 $40 {[%mdl 128] Schwarz hat was vor.} 11. b4 a5 12. Qa4 $146 ({Vorgänger:} 12. bxa5 Rxa5 {1-0 (32) Domenech Plana,J (2315)-Diaz Munoz,S (2172) Girona 2014}) 12... Ba6 13. bxa5 Bc5 14. Nc1 O-O ({Bitte nicht} 14... Nxa5 15. Na2 $11) 15. Be2 Rb2 ({Jedoch nicht} 15... Nxa5 16. Na2 $15) 16. Ra2 {[#]} (16. Qd1 $17 {kämpft weiter.}) 16... Qb8 $1 $19 ({Nicht} 16... Bb5 17. Qd1 $11) 17. Qd1 Rxa2 18. Nxa2 Qb2 19. Nb4 Nxb4 20. axb4 Bxb4 21. Bxb4 Qxb4+ 22. Qd2 Qb1+ 23. Qd1 Qb4+ 24. Qd2 Rb8 {[#] Und ...Dc3 würde nun gewinnen.} 25. Qxb4 Rxb4 $17 {[%mdl 4096] Endspiel KTL-KTL} 26. O-O Rb2 27. Re1 Ra2 28. Rb1 {Weiss will mit Tb8+ Matt setzen.} Kf8 29. Bf1 Rxa5 30. f4 f6 31. Rb8+ Ke7 32. Rg8 Kf7 33. Ra8 Ra4 34. Kf2 Bb5 35. Rxa4 Bxa4 {KL-KL} 36. Be2 Ke7 37. g3 Kd6 38. Bg4 Bc6 39. Bd1 (39. h4 $17) 39... Bb5 40. Ke2 g6 41. Kd2 Kc5 (41... e5 $19 42. Bb3 h6) 42. Bb3 Kb4 43. Bd1 Kc5 44. Bb3 Kd6 (44... Bc6 $17 45. Ba2 h6) 45. h4 (45. Bd1 $1 $11 {war der einzige Weg, das Gleichgewicht zu behalten.}) 45... Ke7 46. Bd1 d6 {[%cal Bd7d6,Bd6e5][%mdl 32]} 47. Be2 f5 48. Bd1 fxe4 49. dxe4 e5 50. fxe5 $2 {[%mdl 8192]} (50. Bf3 $17) 50... dxe5 $19 51. Bb3 Bd7 52. Bd1 Kf6 53. Kd3 Be6 54. Be2 Ke7 55. Kc2 Kd6 56. Ba6 Bg4 57. Bc4 Ke7 $2 (57... Bf3 $19 58. Kd3 Bg2) 58. Kd3 $2 {[%mdl 8192]} (58. Bd3 $17) 58... Kf6 59. Bb3 Kg7 60. Bc4 (60. Kd2 $142 Bd7 61. Kd3) 60... Kh6 61. Bg8 Kh5 62. Bb3 Bf3 63. Be6 g5 64. hxg5 Kxg5 {Schwarz setzt Matt.} 65. Bd5 h5 66. Be6 h4 67. gxh4+ Kxh4 68. Bd5 Kg3 69. Be6 Kf2 70. Kd2 Be2 71. Bd5 Bb5 72. Be6 Kf3 73. Bd5 Kf4 74. Bb7 Bc4 75. Bd5 Bxd5 76. exd5 Kf5 77. Kd3 Kf6 {Precision: Weiß = 35%, Schwarz = 79%.} 0-1

[Event "Forni di Sopra Dolomiti 2018"]
[Site "Forni di Sopra"]
[Date "2018.06.16"]
[Round "9.4"]
[White "Terao, Juliana Sayumi"]
[Black "Castellanos Rodriguez, Renier"]
[Result "1/2-1/2"]
[WhiteElo "2292"]
[BlackElo "2501"]
[Annotator "TA"]
[PlyCount "85"]
[EventDate "2018.??.??"]
[EventType "swiss"]
[EventCountry "ITA"]
[SourceTitle "playchess.com"]
[Source "ChessBase"]
[SourceQuality "1"]

{[%evp 21,85,0,0,-14,-23,-17,-23,-27,-27,-27,-27,-27,-22,-41,-42,-44,-46,-93,-96,-92,-107,-119,-111,-116,-102,-108,-66,-135,-134,-133,-133,-137,-131,-128,-112,-121,-73,-87,-71,-130,-140,-126,-105,-120,-89,-92,-54,-58,-57,-57,-56,-58,-50,-56,-56,-52,-39,-40,-38,-48,-26,-59,-6,-7,0,0]} 1. e4 c5 2. c3 d5 3. exd5 Qxd5 4. d4 e6 5. Nf3 Nf6 6. Bd3 Be7 7. O-O O-O 8. Qe2 cxd4 9. cxd4 Nc6 10. Rd1 Rd8 11. Nc3 Qh5 {LiveBook: 6 Games} 12. Bf4 {B22: Sicilian: 2 c3} (12. Ne4 Nxe4 13. Bxe4 Nb4 14. Bf4 Nd5 15. Be5 f6 16. Bg3 Bd7 17. a3 Rac8 18. Bd3 Bf8 19. Re1 a6 {½-½ (56) Rozentalis,E (2553)-Bosiocic,M (2559) Austria 2015}) 12... Nb4 13. Bc4 b6 14. Rac1 $146 {Black has an edge.} ({Predecessor:} 14. a3 Nbd5 15. Nxd5 Nxd5 16. Be5 Bb7 17. Ba6 Bxa6 18. Qxa6 f6 19. Bg3 Qe8 20. Rac1 Bd6 {½-½ (20) Franke,C-Isaev,A ICCF corr 1988}) 14... Bb7 15. Ne5 Qxe2 16. Bxe2 Rac8 17. h3 Nfd5 $36 {[%mdl 2048] Black is more active.} 18. Bd2 f6 19. Nf3 Nxc3 20. bxc3 Nxa2 21. Ra1 Nxc3 22. Bxc3 Rxc3 23. Rxa7 Rb8 24. Rb1 (24. Ba6 $15 Bxa6 25. Rxe7) 24... Be4 $17 25. Re1 Bf8 26. Nd2 Bd5 27. Bb5 Rbc8 28. Raa1 Rc2 29. Nf1 Bb4 30. Reb1 (30. Red1 $142) 30... Bc3 31. Ra4 Ba5 32. Raa1 R2c3 33. Ne3 Bc6 34. Bxc6 R3xc6 35. d5 exd5 36. Nxd5 {Threatening Ne7+.} Kf7 37. g3 Rd6 38. Ne3 Rd2 39. Ra4 Rc3 40. Re4 Rc5 41. Nc4 Rd7 (41... Rc2 $15 42. Nd6+ Kg6) 42. Kg2 $11 Rcd5 43. Nxb6 {Precision: White = 62%, Black = 58%.} 1/2-1/2

[Event "Forni di Sopra Dolomiti 2018"]
[Site "Forni di Sopra"]
[Date "2018.06.16"]
[Round "9.5"]
[White "Sgircea, Silvia-Raluca"]
[Black "Bryzgalin, Kirill"]
[Result "1/2-1/2"]
[WhiteElo "2204"]
[BlackElo "2427"]
[Annotator "TA"]
[PlyCount "85"]
[EventDate "2018.??.??"]
[EventType "swiss"]
[EventCountry "ITA"]
[SourceTitle "playchess.com"]
[Source "ChessBase"]
[SourceQuality "1"]

{[%evp 31,85,43,65,34,43,26,52,45,33,4,4,4,38,-43,0,0,34,0,53,0,36,7,14,5,29,22,59,31,33,31,63,58,90,54,53,54,65,35,70,65,96,77,111,88,171,0,0,-58,-60,-56,-54,-74,-80,-70,0,0]} 1. Nf3 Nf6 2. c4 d6 3. d4 Nbd7 4. Nc3 e5 5. g3 Be7 6. Bg2 O-O 7. O-O c6 8. e4 a6 9. a4 a5 10. h3 Re8 11. Qc2 exd4 12. Nxd4 Bf8 {A55: Old Indian Defence with Nf3 and e4} 13. Be3 Nc5 14. Rfe1 Qc7 (14... Qb6 15. b3 g6 16. Rab1 Qc7 17. f4 h5 18. Rbd1 Bd7 19. f5 Bg7 {½-½ (60) Tregubov,P (2598)-Movsesian,S (2721) Warsaw 2010}) 15. Rad1 Nfd7 16. f4 Na6 {LiveBook: 3 Games} 17. Rd2 Ndc5 18. Bf2 Bd7 19. Qd1 {[#]} Qb6 $146 ({Predecessor:} 19... Rad8) 20. g4 Qb4 21. Bf1 Rad8 (21... Be6 $5) 22. Bg2 (22. Re3 $14) 22... Ra8 23. Bf1 Rad8 24. Bh4 Rc8 ({Black should try} 24... Be7 $11 25. Bxe7 Rxe7) 25. Bf2 (25. f5 $14) 25... Be6 26. Nxe6 Rxe6 27. Qc2 Rce8 28. Rdd1 Rc8 29. Kh1 Ree8 30. g5 Qb6 31. h4 {[%cal Bh3h4,Bh4h5][%mdl 32]} Qc7 32. Bh3 Rcd8 33. Bg3 Nb4 34. Qh2 $1 Qb6 35. Bf1 $1 Qc7 36. h5 Nba6 37. f5 Nd7 {[#]} (37... Be7 $16 {was called for.}) 38. Bxd6 $2 (38. h6 $1 $18) 38... Bxd6 $11 39. Qxd6 ({Better is} 39. Rxd6 $11 Ne5 40. Rxd8 Rxd8 41. Re2) 39... Qxd6 $15 40. Rxd6 {Hoping for Red1.} Ne5 $1 41. Red1 Rxd6 42. Rxd6 Kf8 (42... Nf3 $1 $15) 43. Be2 {Precision: White = 38%, Black = 29%.} 1/2-1/2

[Event "Forni di Sopra Dolomiti 2018"]
[Site "Forni di Sopra"]
[Date "2018.06.16"]
[Round "9.6"]
[White "Lazic, Miroljub"]
[Black "Qendro, Llambi"]
[Result "1-0"]
[WhiteElo "2506"]
[BlackElo "2334"]
[Annotator "TA"]
[PlyCount "29"]
[EventDate "2018.??.??"]
[EventType "swiss"]
[EventCountry "ITA"]
[SourceTitle "playchess.com"]
[Source "ChessBase"]
[SourceQuality "1"]

{[%evp 1,1,20]} 1. e4 {Vorgänger:} e5 $146 2. Bc4 Nf6 3. d3 c6 4. Nf3 d5 5. Bb3 Bb4+ 6. Bd2 Bxd2+ 7. Nbxd2 a5 8. c3 Nbd7 9. exd5 cxd5 10. O-O O-O 11. Re1 Re8 12. Nf1 b5 13. a4 b4 14. cxb4 axb4 15. Ne3 {1-0 (77) Carlsen,M (2843)-Caruana,F (2822) Stavanger 2018} 1-0

[Event "Forni di Sopra Dolomiti 2018"]
[Site "Forni di Sopra"]
[Date "2018.06.16"]
[Round "9.7"]
[White "Martinez, Ayelen"]
[Black "Rotstein, Arkadij"]
[Result "0-1"]
[WhiteElo "2209"]
[BlackElo "2490"]
[Annotator "TA"]
[PlyCount "68"]
[EventDate "2018.??.??"]
[EventType "swiss"]
[EventCountry "ITA"]
[SourceTitle "playchess.com"]
[Source "ChessBase"]
[SourceQuality "1"]

{[%evp 29,68,25,40,-50,-22,-62,-36,-129,-149,-188,-125,-117,-114,-193,-195,-168,-94,-571,-553,-587,-584,-596,-591,-623,-613,-911,-985,-946,-952,-1044,-978,-1307,-1291,-1249,-1231,-1984,-1860,-2666,-2679,-29990,-1430]} 1. e4 c5 2. Nf3 e6 3. d4 cxd4 4. Nxd4 a6 5. Bd3 Nf6 6. O-O Qc7 7. Qe2 d6 8. f4 Nbd7 9. c4 g6 10. Nc3 Bg7 11. Kh1 O-O 12. Be3 {B42: Sicilian: Kan Variation: 5 Bd3} b6 13. Rac1 Bb7 14. b4 Rfe8 15. Nb3 Rac8 {LiveBook: 9 Games} 16. Rf3 $146 (16. Bd2 $14) ({Predecessor:} 16. c5 dxc5 17. bxc5 Nxc5 18. Nxc5 bxc5 19. Bxa6 Bxa6 20. Qxa6 {½-½ (35) Battulga,N (2428)-Ghaem Maghami,E (2593) Guangzhou 2010}) 16... Qb8 17. a4 d5 18. Nd2 (18. cxd5 $15 Nxd5 19. Nxd5 exd5 20. e5) 18... dxe4 $17 19. Ndxe4 {[#]} Nd5 $1 {[%mdl 512]} 20. cxd5 exd5 21. Ng5 (21. Rff1 $17 {is a better defense.}) 21... Bxc3 $19 ({Don't take} 21... Rxc3 22. Rxc3 Bxc3 23. f5 $17) 22. Rh3 Nf8 ({Black should try} 22... Nf6 $1 $19 {aiming for ...d4.} 23. Qf1 h6) 23. Qg4 $2 {[%mdl 8192] [#]} (23. f5 $17 Bf6 24. Rxc8 Bxc8 25. Qf1 Bxf5 26. Bxf5 gxf5 27. Qxf5) 23... Bd4 $1 {[%mdl 512] ( -> ...Rxc1+)} 24. Rf1 (24. Bxd4 Rxc1+) 24... Rxe3 (24... Bxe3 25. Nxh7 $1 {[%mdl 512]} Nxh7 26. Bxg6 $1 $18 {[%mdl 512]}) 25. f5 Rxh3 26. Qxh3 Qe5 27. Qh4 Qe3 28. fxg6 Qxd3 {[%cal Rd3f1]} 29. Qf4 Qxg6 30. Nxf7 Bg7 31. Nd6 Rc2 {[%csl Gc2][%cal Rg6g2]} 32. Qf3 Qxd6 33. Qf7+ Kh8 34. Qxb7 {[#]} d4 {Precision: White = 21%, Black = 73%.} (34... Qf4 $142 $1 {[%mdl 512]} 35. Qxa6 (35. Rxf4 Rc1+) 35... Rc1 36. h3 Rxf1+ 37. Qxf1 Qxf1+ 38. Kh2 Be5+ 39. g3 Qf2+ 40. Kh1 Bxg3 41. b5 Qh2#) 0-1

[Event "Forni di Sopra Dolomiti 2018"]
[Site "Forni di Sopra"]
[Date "2018.06.16"]
[Round "9.9"]
[White "Dappiano, Andrea"]
[Black "Loiacono, Antonio"]
[Result "1/2-1/2"]
[WhiteElo "2279"]
[BlackElo "2197"]
[Annotator "TA"]
[PlyCount "34"]
[EventDate "2018.??.??"]
[EventType "swiss"]
[EventCountry "ITA"]
[SourceTitle "playchess.com"]
[Source "ChessBase"]
[SourceQuality "1"]

{[%evp 14,15,0,0]} 1. e4 e5 2. Nf3 Nc6 3. Bc4 Bc5 4. c3 {[%cal Bc2c3,Bc3d4][%mdl 32]} Nf6 5. d4 exd4 6. cxd4 Bb4+ 7. Bd2 Nxe4 8. Bxb4 {LiveBook: 122 Games. C54: Giuoco Piano: 4 c3 Nf6, main lines with 5 d4 and 5 d3} {Predecessor:} Nxb4 $146 9. Bxf7+ Kxf7 10. Qb3+ Kf8 11. Qxb4+ Qe7 12. Qxe7+ Kxe7 13. O-O Kd8 14. Re1 Nf6 15. Nc3 d6 16. Ng5 Rf8 17. f3 a5 {½-½ (27) McShane,L (2647)-Matlakov,M (2707) Batumi 2018} 1/2-1/2

[Event "Forni di Sopra Dolomiti 2018"]
[Site "Forni di Sopra"]
[Date "2018.06.16"]
[Round "9.10"]
[White "Ceschia, Ivano"]
[Black "Dev, Shah"]
[Result "1/2-1/2"]
[WhiteElo "2325"]
[BlackElo "1997"]
[Annotator "NA"]
[PlyCount "120"]
[EventDate "2018.??.??"]
[EventType "swiss"]
[EventCountry "ITA"]
[SourceTitle "playchess.com"]
[Source "ChessBase"]
[SourceQuality "1"]
[TimeControl "40/5400+30:1800+30"]

{[%evp 8,113,24,8,8,32767,10,11,32767,-7,5,-26,-16,-16,-11,-16,-16,-61,-34,-74,-78,-77,-22,-29,-50,-31,0,0,5,0,0,0,0,0,4,-34,-34,-33,34,-15,-14,-14,0,9,5,16,5,-14,0,0,-7,-22,-16,-11,-7,-11,20,21,24,17,32767,6,0,0,26,20,32767,32767,32767,32767,32767,32767,32767,32767,32767,32767,32767,32767,32767,32767,32767,32767,32767,32767,32767,32767,32767,32767,32767,32767,32767,32767,32767,32767,32767,32767,32767,32767,0,0,0,32767,32767,0,32767,0,0,0]} 1. e4 {[%emt 0:03:30]} e5 {[%emt 0:02:00]} 2. Nf3 {[%emt 0:00:30]} Nc6 {[%emt 0:00:00]} 3. Bb5 {[%emt 0:00:30]} a6 {[%emt 0:00:00]} 4. Ba4 {[%emt 0:00:00]} Nf6 {[%emt 0:00:30]} 5. Bxc6 {[%emt 0:00:00]} dxc6 {[%emt 0:00:00]} 6. d3 {[%emt 0:00:00]} Bd6 {[%emt 0:00:00]} 7. Nbd2 {[%emt 0:00:00]} Be6 {[%emt 0:02:30]} 8. b3 {[%emt 0:07:30] LiveBook: 18 Games C77: Spanische Partie (Anderssen-Variante)} Qe7 {[%emt 0:01:30]} 9. Bb2 {[%emt 0:00:30]} Nd7 {[%emt 0:05:30]} 10. d4 {[%emt 0:22:30]} Bg4 {[%emt 0:05:30]} 11. h3 {[%emt 0:09:30]} Bh5 $146 {[%emt 0:05:30]} ({Vorgänger:} 11... Bxf3 12. Nxf3 O-O-O 13. O-O exd4 14. Qxd4 Bc5 15. Qxg7 Qxe4 {1-0 (52) Ivanov,A (2470)-Fishbein,A (2490) Los Angeles 1989}) 12. O-O {[%emt 0:13:30]} O-O-O {[%emt 0:02:30]} 13. Qe1 {[%emt 0:02:30]} Rhe8 {[%emt 0:04:30]} 14. Qe3 {[%emt 0:05:30]} Kb8 {[%emt 0:01:30]} 15. Rfe1 {[%emt 0:01:30]} f6 {[%emt 0:03:30]} 16. Nc4 {[%emt 0:09:30]} Bxf3 {[%emt 0:02:30]} ({Black should play} 16... Bb4 $17 17. c3 exd4 18. Nxd4 Bc5) 17. Qxf3 {[%emt 0:00:30]} exd4 {[%emt 0:00:30]} 18. Bxd4 {[%emt 0:00:30]} Ne5 {[%emt 0:00:30]} 19. Bxe5 {[%emt 0:00:30]} Bxe5 {[%emt 0:01:30]} 20. Rad1 {[%emt 0:00:30]} Qc5 {[%emt 0:05:30]} 21. Rd3 {[%emt 0:07:41]} Rxd3 {[%emt 0:03:30]} 22. Qxd3 {[%emt 0:00:19]} Qd4 {[%emt 0:00:30]} (22... Bd4 $15 23. Qd2 b5) 23. Qxd4 {[%emt 0:00:45]} Bxd4 {[%emt 0:00:30]} 24. Kf1 {[%emt 0:00:41]} c5 {[%emt 0:01:30]} 25. f3 {[%emt 0:00:33]} b5 {[%emt 0:01:30]} 26. Ne3 {[%emt 0:00:11]} g6 {[%emt 0:00:30]} 27. Ke2 {[%emt 0:01:08]} f5 {[%emt 0:02:30]} 28. Kd3 {[%emt 0:01:10]} f4 {[%emt 0:02:30]} 29. Nd1 {[%emt 0:04:00]} Rd8 {[%emt 0:02:30]} 30. Ke2 {[%emt 0:00:24]} Kb7 {[%emt 0:01:30]} 31. Nf2 {[%emt 0:00:12]} Be3 {[%emt 0:08:30]} 32. Rd1 {[%emt 0:01:45]} Rxd1 {[%emt 0:00:30]} 33. Nxd1 {[%emt 0:00:02]} Bd4 {[%emt 0:00:30]} 34. Kd3 {[%emt 0:02:04]} Kc6 {[%emt 0:00:30]} 35. c3 {[%emt 0:00:05]} Be5 {[%emt 0:00:30]} 36. Nb2 {[%emt 0:02:11]} h5 {[%emt 0:07:30]} 37. Kc2 {[%emt 0:00:36]} Kd6 {[%emt 0:02:30]} 38. Nd3 {[%emt 0:00:11]} g5 {[%emt 0:00:30]} 39. b4 {[%emt 0:03:28]} cxb4 {[%emt 0:09:17]} 40. Nxe5 {[%emt 0:00:00]} Kxe5 {[%emt 0:00:43]} 41. cxb4 {[%emt 0:01:04]} Kd4 {[%emt 0:00:30]} 42. Kd2 {[%emt 0:00:30]} Kc4 {[%emt 0:01:30]} 43. a3 {[%emt 0:02:30]} Kd4 {[%emt 0:01:30]} 44. Kc2 {[%emt 0:00:30]} Kc4 {[%emt 0:04:30]} 45. Kb2 {[%emt 0:00:30]} c5 {[%emt 0:01:30]} 46. bxc5 {[%emt 0:00:30]} Kxc5 {[%emt 0:00:30]} 47. Kc3 {[%emt 0:00:30]} a5 {[%emt 0:00:00]} 48. Kd3 {[%emt 0:01:30]} b4 {[%emt 0:08:00]} 49. axb4+ {[%emt 0:00:30]} axb4 {[%emt 0:00:00]} 50. Kc2 {[%emt 0:00:30]} Kc4 {[%emt 0:00:00]} 51. Kb2 {[%emt 0:00:00]} b3 {[%emt 0:00:00]} 52. Kb1 {[%emt 0:02:00]} Kb4 {[%emt 0:00:00]} 53. Kc1 {[%emt 0:00:30]} Ka3 {[%emt 0:00:30]} 54. Kb1 {[%emt 0:00:30]} Kb4 {[%emt 0:00:30]} 55. Kb2 {[%emt 0:00:30]} Kc4 {[%emt 0:00:00]} 56. Kc1 {[%emt 0:03:30]} Kb4 {[%emt 0:00:00]} 57. Kb1 $11 {[%emt 0:00:00]} Kc4 {[%emt 0:01:30]} 58. Kb2 {[%emt 0:00:00]} Kb4 {[%emt 0:00:30]} 59. e5 {[%emt 0:08:48]} Kc5 {[%emt 0:00:00]} 60. Kxb3 {[%emt 0:00:46]} Kd5 {[%emt 0:00:00]} 1/2-1/2

[Event "Forni di Sopra Dolomiti 2018"]
[Site "Forni di Sopra"]
[Date "2018.06.16"]
[Round "9.11"]
[White "Loiacono, Leonardo"]
[Black "Vezzosi, Paolo"]
[Result "1/2-1/2"]
[WhiteElo "2313"]
[BlackElo "2316"]
[Annotator "TA"]
[PlyCount "47"]
[EventDate "2018.??.??"]
[EventType "swiss"]
[EventCountry "ITA"]
[SourceTitle "playchess.com"]
[Source "ChessBase"]
[SourceQuality "1"]

{[%evp 13,47,31,41,18,28,16,25,27,18,25,27,18,12,22,54,40,31,0,29,29,32,18,21,17,16,18,19,13,22,21,34,14,35,0,17,0]} 1. d4 e6 2. c4 Bb4+ 3. Bd2 a5 4. Nf3 f5 5. g3 Nf6 6. Bg2 O-O {A90: Dutch Defence: Miscellaneous and Modern Stonewall (with ...Bd6)} (6... b6 7. Ne5 Ra7 8. Nc3 Bb7 9. d5 O-O 10. O-O Bxc3 11. Bxc3 d6 12. Nd3 e5 13. f4 e4 14. Ne1 {1-0 (75) Navara,D (2734)-Ivanchuk,V (2710) Huaian 2016}) 7. O-O Bxd2 {LiveBook: 3 Games} 8. Nbxd2 d6 9. Re1 Nc6 10. e4 f4 11. e5 dxe5 12. dxe5 Nd7 13. Nb3 {[#]} Qe7 $146 14. Nbd4 Nxd4 15. Qxd4 fxg3 16. hxg3 Nc5 17. Qe3 b6 18. Nd4 {[%cal Bf3d4,Bd4e2,Be2f4][%mdl 32]} Bb7 19. Bxb7 Nxb7 20. Rad1 Nc5 21. Rd2 h6 22. Red1 a4 23. Ne2 Rad8 24. Nf4 {Precision: White = 52%, Black = 73%.} 1/2-1/2

[Event "Forni di Sopra Dolomiti 2018"]
[Site "Forni di Sopra"]
[Date "2018.06.16"]
[Round "9.12"]
[White "Garofalo, Simone"]
[Black "Di Benedetto, Desiree"]
[Result "0-1"]
[WhiteElo "2110"]
[BlackElo "2293"]
[Annotator "NA"]
[PlyCount "82"]
[EventDate "2018.??.??"]
[EventType "swiss"]
[EventCountry "ITA"]
[SourceTitle "playchess.com"]
[Source "ChessBase"]
[SourceQuality "1"]
[TimeControl "40/5400+30:1800+30"]

{[%evp 9,52,20,32767,32767,14,22,20,12,29,15,16,14,21,12,27,0,17,-8,0,-5,-2,0,0,0,0,0,0,0,16,0,11,-20,-11,-19,0,-22,-15,-25,-58,-37,-41,-30,-44,-46,58]} 1. e4 {[%emt 0:00:30]} e6 {[%emt 0:01:00]} 2. d4 {[%emt 0:00:30]} d5 {[%emt 0:00:00]} 3. Nd2 {[%emt 0:00:00]} c5 {[%emt 0:01:00]} 4. exd5 {[%emt 0:00:00]} Qxd5 {[%emt 0:00:30]} 5. Ngf3 {[%emt 0:00:30]} cxd4 {[%emt 0:00:30]} 6. Bc4 {[%emt 0:00:00]} Qd7 {[%emt 0:00:30]} 7. O-O {[%emt 0:00:00]} Nc6 {[%emt 0:00:30]} 8. Nb3 {[%emt 0:00:30]} a6 {[%emt 0:00:00]} 9. Nbxd4 {[%emt 0:01:30]} Nxd4 {[%emt 0:00:00]} 10. Nxd4 {[%emt 0:00:30]} Qc7 {[%emt 0:00:30] LiveBook: 95 Games} 11. Bb3 {[%emt 0:00:30]} Bd6 {[%emt 0:01:30]} 12. h3 {[%emt 0:03:30]} Ne7 {[%emt 0:00:30]} 13. Re1 {[%emt 0:01:30]} O-O {[%emt 0:02:30]} 14. Qe2 {[%emt 0:07:30]} Ng6 {[%emt 0:11:30]} 15. Be3 {[%emt 0:10:30]} b6 {[%emt 0:02:30]} 16. Rad1 {[%emt 0:02:30]} Bb7 {[%emt 0:06:30]} 17. Qg4 {[%emt 0:03:30]} Rfe8 {[%emt 0:08:30]} 18. c3 {[%emt 0:04:30] Ne} Ne5 {[%emt 0:13:30]} 19. Qe2 {[%emt 0:04:30]} b5 {[%emt 0:06:30]} 20. Bc1 {[%emt 0:05:30]} Ng6 {[%emt 0:03:30]} 21. Qg4 {[%emt 0:03:30]} Bh2+ {[%emt 0:08:30]} 22. Kh1 {[%emt 0:01:30]} Bf4 {[%emt 0:04:30]} 23. Bc2 {[%emt 0:07:30]} f5 {[%emt 0:08:52]} 24. Bxf4 $1 {[%emt 0:12:30]} Nxf4 {[%emt 0:02:55] Q} (24... fxg4 $2 {perishes.} 25. Bxc7 gxh3 26. Rxe6 $18) 25. Qg3 {[%emt 0:01:30]} Bxg2+ {[%emt 0:09:13]} 26. Kh2 {[%emt 0:08:30] [#]} e5 $14 {[%emt 0:02:34]} ({Viel schlechter ist} 26... Bxh3 $6 27. Ne2 $16) (26... Be4 $1 $11 {[%mdl 512]}) 27. Nxf5 {[%emt 0:02:33]} Bxh3 {[%emt 0:00:04]} 28. Nd6 {[%emt 0:01:06]} Re7 {[%emt 0:03:44]} 29. Qh4 {[%emt 0:01:35]} g6 {[%emt 0:01:28]} 30. Bb3+ {[%emt 0:01:33]} Kg7 {[%emt 0:00:53]} 31. Ne4 {[%emt 0:00:42]} Rf8 {[%emt 0:00:44]} 32. Ng5 {[%emt 0:00:20]} h6 {[%emt 0:00:59]} 33. Nxh3 {[%emt 0:00:56]} Nxh3 {[%emt 0:00:15]} 34. Qxh3 {[%emt 0:00:25]} Rxf2+ {[%emt 0:00:09]} 35. Kh1 {[%emt 0:00:11]} Rxb2 {[%emt 0:00:54]} 36. Qg3 {[%emt 0:03:43]} Qc6+ {[%emt 0:00:38]} 37. Bd5 {[%emt 0:00:09]} Qf6 {[%emt 0:00:26]} 38. Rg1 {[%emt 0:04:08]} Rf2 {[%emt 0:00:26]} 39. Be4 {[%emt 0:00:37]} g5 {[%emt 0:00:08]} 40. Rg2 {[%emt 0:00:00]} Rf4 {[%emt 0:01:38]} 41. Re2 {[%emt 0:11:32]} Rf1+ {[%emt 0:13:09] 0} 0-1